|
|
|
|
| LEADER |
00000naa2a2200000 4500 |
| 001 |
614479 |
| 005 |
20251124102318.0 |
| 035 |
|
|
|a (RuTPU)RU\TPU\conf\12649
|
| 035 |
|
|
|a RU\TPU\conf\12648
|
| 090 |
|
|
|a 614479
|
| 100 |
|
|
|a 20150928d2015 k y0rusy50 ca
|
| 101 |
0 |
|
|a rus
|
| 102 |
|
|
|a RU
|
| 105 |
|
|
|a y z 101zy
|
| 135 |
|
|
|a drgn ---uucaa
|
| 181 |
|
0 |
|a i
|
| 182 |
|
0 |
|a b
|
| 200 |
1 |
|
|a Влияние инертной среды на выход лактида
|f Ю. Е. Похарукова, А. В. Яркова, А. Л. Зиновьев
|g науч. рук. Е. П. Фитерер
|
| 203 |
|
|
|a Текст
|c электронный
|
| 225 |
1 |
|
|a Материалы для медицины и экологии
|
| 300 |
|
|
|a Заглавие с титульного экрана
|
| 337 |
|
|
|a Adobe Reader
|
| 463 |
|
0 |
|0 (RuTPU)RU\TPU\conf\12499
|t Функциональные материалы: разработка, исследование, применение
|o сборник тезисов докладов III Всероссийского конкурса научных докладов студентов, г.Томск, г.Тамбов, 26-27 мая 2015 г.
|f Национальный исследовательский Томский политехнический университет (ТПУ) ; Национальный исследовательский Томский государственный университет (ТГУ) ; Тамбовский государственный университет имени Г. Р. Державина ; ред. кол. И. А. Курзина [и др.]
|v [С. 101]
|d 2015
|
| 610 |
1 |
|
|a труды учёных ТПУ
|
| 610 |
1 |
|
|a электронный ресурс
|
| 610 |
1 |
|
|a инертные среды
|
| 610 |
1 |
|
|a лактиды
|
| 610 |
1 |
|
|a полиэфиры
|
| 610 |
1 |
|
|a полимеры
|
| 610 |
1 |
|
|a полимерные материалы
|
| 700 |
|
1 |
|a Похарукова
|b Ю. Е.
|c химик
|c инженер Томского политехнического университета
|g Юлия Евгеньевна
|3 (RuTPU)RU\TPU\pers\32459
|
| 701 |
|
1 |
|a Яркова
|b А. В.
|c химик-технолог
|c инженер Томского политехнического университета
|g Анна Викторовна
|3 (RuTPU)RU\TPU\pers\32458
|
| 701 |
|
1 |
|a Зиновьев
|b А. Л.
|c химик
|c младший научный сотрудник Томского политехнического университета
|f 1992-
|g Алексей Леонидович
|3 (RuTPU)RU\TPU\pers\40029
|
| 702 |
|
1 |
|a Фитерер
|b Е. П.
|c химик
|c старший преподаватель Томского политехнического университета, кандидат химических наук
|f 1974-
|g Елена Петровна
|4 727
|
| 712 |
0 |
2 |
|a Национальный исследовательский Томский политехнический университет
|c (2009- )
|9 26305
|
| 801 |
|
2 |
|a RU
|b 63413507
|c 20210220
|g RCR
|
| 856 |
4 |
|
|u http://earchive.tpu.ru/handle/11683/23965
|
| 856 |
4 |
|
|u http://www.lib.tpu.ru/fulltext/c/2015/C96/099.pdf
|
| 942 |
|
|
|c BK
|